One Direction - Just Can’t Let Her Go - All lyrics - Statistics

General Stats
  • This quiz has been taken 11 times
  • The average score is 289 of 351
Answer Stats
Answer % Correct
a
100%
but
100%
But
100%
can't
100%
go
100%
got
100%
her
100%
her,
100%
I
100%
just
100%
Just
100%
let
100%
She
100%
she
100%
She's
100%
so
100%
And
90%
and
90%
I'm
90%
it
90%
it,
90%
love
90%
me
90%
away
80%
By
80%
by
80%
Drives
80%
in
80%
kinda
80%
mean
80%
never
80%
no
80%
(Oh,
80%
oh)
80%
Oh,
80%
oh
80%
oh-oh,
80%
tell
80%
the
80%
throat
80%
too
80%
yeah
80%
animal
70%
been
70%
better
70%
billion
70%
Breaks
70%
hearts
70%
hypnotized
70%
I've
70%
know
70%
(La-la-la,
70%
(La-la-la)
70%
La-la-la,
70%
la-la-la-la-la-la-la)
70%
la-la-la-la-la-la-la
70%
little
70%
much
70%
nuts
70%
on
70%
want
70%
don't
60%
everybody
60%
eyes,
60%
knows
60%
last
60%
line
60%
mind,
60%
next
60%
run
60%
tiny
60%
wants
60%
whipped
60%
ain't
50%
are
50%
lips
50%
more
50%
My
50%
one
50%
right
50%
Spends
50%
tempting
50%
that
50%
time
50%
angel
40%
bright
40%
candy
40%
hands
40%
It's
40%
it's
40%
red
40%
tied,
40%
ayy,
20%
ayy
20%
pain
10%
pleasure
10%
No matching quizzes found
Score Distribution
Percent of People with Each Score
Percentile by Number Answered
Your Score History
You have not taken this quiz